[Event "Aut_chT0809"]
[Site "Graz"]
[Date "2008.11.07"]
[Round "1"]
[Board "3"]
[White "Rotstein, Arkadij"]
[Black "Boensch, Uwe"]
[Result "1/2-1/2"]
[WhiteElo "2505"]
[BlackElo "2523"]
[PlyCount "108"]
[EventDate "2008.11.07"]
[EventType "team"]
[EventRounds "11"]
[EventCountry "AUT"]
[WhiteTeam "SK Absam"]
[BlackTeam "Sparkasse Jenbach"]

1.c4 c5 2.Nf3 g6 3.d4 Bg7 4.e4 d6 5.Be2 cxd4 6.Nxd4 Nc6 7.Be3 Bxd4 8.Bxd4 Nxd4
9.Qxd4 Nf6 10.Nc3 Qb6 11.Qd2 Bd7 12.O-O Bc6 13.Nd5 Nxe4 14.Nxb6 Nxd2 15.Nxa8
Nxf1 16.Nc7+ Kd7 17.Nb5 Bxb5 18.cxb5 Nd2 19.b6 a6 20.f3 Rc8 21.b3 Rc2 22.Bd1 Rb2
23.Rc1 Rb1 24.Rc7+ Kd8 25.Kf2 Rxd1 26.Ke2 Ra1 27.Kxd2 Rxa2+ 28.Kc3 Rxg2 29.Rxb7
Rg5 30.Ra7 Rb5 31.Rxa6 d5 32.b4 Kd7 33.Ra7+ Kd6 34.Rb7 h5 35.Kb3 Kc6 36.Rxe7
Rxb6 37.Rxf7 Kb5 38.Rd7 Kc6 39.Rd8 Rb7 40.Rc8+ Kb6 41.Rf8 Re7 42.Kc3 Re2 43.h4
Rh2 44.Rf4 Kb5 45.Kd4 Kxb4 46.Kxd5+ Kc3 47.Ke6 Kd3 48.Kf7 Ke3 49.Ra4 Rg2 50.Ra3+
Kf4 51.Kf6 Rg3 52.Rb3 Rg2 53.Ra3 Rg1 54.Rb3 Rg2

[Event "Aut_chT0809"]
[Site "Graz"]
[Date "2008.11.07"]
[Round "1"]
[Board "4"]
[White "Lehner, Oliver"]
[Black "Wegerle, Joerg"]
[Result "1-0"]
[WhiteElo "2413"]
[BlackElo "2431"]
[PlyCount "65"]
[EventDate "2008.11.07"]
[EventType "team"]
[EventRounds "11"]
[EventCountry "AUT"]
[WhiteTeam "Sparkasse Jenbach"]
[BlackTeam "SK Absam"]

1.e4 e6 2.d4 d5 3.e5 c5 4.c3 Bd7 5.Nf3 a6 6.Nbd2 Ne7 7.dxc5 Qc7 8.Nb3 Ng6 9.Be3
Nc6 10.Nbd4 Ngxe5 11.b4 Nxf3+ 12.Qxf3 e5 13.Qg3 g6 14.Nxc6 Bxc6 15.Be2 Bg7
16.O-O f5 17.f4 d4 18.Bd2 e4 19.Rae1 d3 20.Bd1 O-O 21.Qh3 Qd7 22.g4 Ba4 23.gxf5
Bxd1 24.Rxd1 gxf5 25.Kh1 Qd5 26.Be3 Bxc3 27.Rg1+ Kh8 28.Rg6 Rf6 29.Rg5 Rg8
30.Qg2 Rfg6 31.h4 Bd4 32.Rxd3 Rxg5 33.hxg5

[Event "Aut_chT0809"]
[Site "Graz"]
[Date "2008.11.07"]
[Round "1"]
[Board "5"]
[White "Schmittdiel, Eckhard"]
[Black "Reich, Thomas"]
[Result "1/2-1/2"]
[WhiteElo "2438"]
[BlackElo "2404"]
[PlyCount "94"]
[EventDate "2008.11.07"]
[EventType "team"]
[EventRounds "11"]
[EventCountry "AUT"]
[WhiteTeam "SK Absam"]
[BlackTeam "Sparkasse Jenbach"]

1.e4 c5 2.c3 g6 3.d4 cxd4 4.cxd4 d5 5.exd5 Nf6 6.Bc4 Bg7 7.Nc3 O-O 8.Nge2 Nbd7
9.Bb3 Nb6 10.Nf4 Ne8 11.O-O Nd6 12.Re1 Bf5 13.Nd3 Bxd3 14.Qxd3 Rc8 15.Bg5 Bf6
16.Bxf6 exf6 17.Ne4 Nxe4 18.Qxe4 Nc4 19.Rac1 b5 20.Rc2 Qd7 21.Qf3 Kg7 22.Bxc4
bxc4 23.Rec1 Qa4 24.Qa3 Qxa3 25.bxa3 Rcd8 26.Rxc4 Rxd5 27.Ra4 Rb8 28.g3 Rd7
29.Rc2 Rb1+ 30.Kg2 Rd1 31.Rcc4 Rd2 32.Kf3 Re7 33.Rc3 Ree2 34.Re3 Rxf2+ 35.Ke4
Rxh2 36.Rxa7 h5 37.Kd5 h4 38.gxh4 Rxh4 39.Re4 Rxe4 40.Kxe4 f5+ 41.Ke3 Rd1 42.Rb7
f4+ 43.Ke4 f3 44.Rb2 f5+ 45.Ke3 g5 46.a4 g4 47.a5 g3

[Event "Aut_chT0809"]
[Site "Graz"]
[Date "2008.11.07"]
[Round "1"]
[Board "6"]
[White "Hoellrigl, Wilfried"]
[Black "Duer, Werner"]
[Result "0-1"]
[WhiteElo "2255"]
[BlackElo "2260"]
[PlyCount "80"]
[EventDate "2008.11.07"]
[EventType "team"]
[EventRounds "11"]
[EventCountry "AUT"]
[WhiteTeam "Sparkasse Jenbach"]
[BlackTeam "SK Absam"]

1.e4 c6 2.d4 d5 3.exd5 cxd5 4.c4 Nf6 5.Nc3 e6 6.Nf3 Be7 7.cxd5 Nxd5 8.Bd3 Nc6
9.O-O O-O 10.Qe2 Ncb4 11.Bc4 Bd7 12.a3 Nxc3 13.bxc3 Nd5 14.Bd2 Rc8 15.a4 Bd6
16.Rfc1 Nf4 17.Bxf4 Bxf4 18.Rc2 Bc6 19.Bd3 Qc7 20.g3 Bd6 21.Ng5 h6 22.Ne4 Rfd8
23.Nxd6 Qxd6 24.Be4 Bxe4 25.Qxe4 Qd5 26.Qxd5 Rxd5 27.Rb2 b6 28.Ra3 Kf8 29.Kf1
Ke7 30.Ke2 e5 31.Rb5 Ke6 32.Rb4 exd4 33.cxd4 Rc2+ 34.Ke3 Kd7 35.Rb5 Kc6 36.Kd3
Rxf2 37.Rc3+ Kd6 38.Rc8 Rdf5 39.Ra8 R5f3+ 40.Kc4 Rc2+

[Event "Aut_chT0809"]
[Site "Graz"]
[Date "2008.11.08"]
[Round "2"]
[Board "1"]
[White "Ragger, Markus"]
[Black "Gyimesi, Zoltan"]
[Result "1/2-1/2"]
[WhiteElo "2540"]
[BlackElo "2582"]
[PlyCount "29"]
[EventDate "2008.11.07"]
[EventType "team"]
[EventRounds "11"]
[EventCountry "AUT"]
[WhiteTeam "SK Kl.Ztg.MPOE Maria Saal"]
[BlackTeam "Sparkasse Jenbach"]

1.e4 c6 2.d4 d5 3.exd5 cxd5 4.c4 Nf6 5.Nc3 e6 6.Nf3 Bb4 7.cxd5 Nxd5 8.Qc2 Nd7
9.Bd3 N7f6 10.O-O Bd7 11.Nxd5 Nxd5 12.Ne5 Bd6 13.Be4 Qc7 14.Qxc7 Bxc7 15.Bxd5

[Event "Aut_chT0809"]
[Site "Graz"]
[Date "2008.11.08"]
[Round "2"]
[Board "2"]
[White "Schlosser, Philipp"]
[Black "Pavasovic, Dusko"]
[Result "1/2-1/2"]
[WhiteElo "2570"]
[BlackElo "2598"]
[PlyCount "37"]
[EventDate "2008.11.07"]
[EventType "team"]
[EventRounds "11"]
[EventCountry "AUT"]
[WhiteTeam "Sparkasse Jenbach"]
[BlackTeam "SK Kl.Ztg.MPOE Maria Saal"]

1.d4 d5 2.Nf3 Nf6 3.e3 e6 4.Bd3 c5 5.b3 Nbd7 6.O-O Be7 7.c4 cxd4 8.exd4 b6 9.Bb2
Bb7 10.Qe2 O-O 11.Nc3 a6 12.Rad1 Qc7 13.Ne5 dxc4 14.bxc4 Nxe5 15.dxe5 Nd7
16.Bxh7+ Kxh7 17.Qd3+ Kg8 18.Qxd7 Rac8 19.Na4

[Event "Aut_chT0809"]
[Site "Graz"]
[Date "2008.11.08"]
[Round "2"]
[Board "3"]
[White "Buhmann, Rainer"]
[Black "Boensch, Uwe"]
[Result "1-0"]
[WhiteElo "2565"]
[BlackElo "2523"]
[PlyCount "121"]
[EventDate "2008.11.07"]
[EventType "team"]
[EventRounds "11"]
[EventCountry "AUT"]
[WhiteTeam "SK Kl.Ztg.MPOE Maria Saal"]
[BlackTeam "Sparkasse Jenbach"]

1.Nf3 d5 2.d4 Nf6 3.c4 e6 4.g3 Be7 5.Bg2 O-O 6.O-O dxc4 7.Qc2 a6 8.a4 Bd7 9.Qxc4
Bc6 10.Bf4 a5 11.Nc3 Na6 12.Rae1 Bd5 13.Qb5 Bb4 14.Bg5 Bc6 15.Qc4 h6 16.Bxf6
Qxf6 17.e4 Rfd8 18.Re2 Be8 19.Rd1 c6 20.h4 b5 21.Qa2 bxa4 22.Nxa4 c5 23.d5 exd5
24.exd5 Bb5 25.Re4 Re8 26.Rf4 Qg6 27.d6 Ra7 28.Bf1 c4 29.Bxc4 Bxc4 30.Qxc4 Bxd6
31.Qc6 Rd8 32.Rfd4 Nb4 33.Qb6 Rad7 34.Qb5 Nc2 35.R4d3 Nb4 36.R3d2 Qg4 37.Kg2
Bxg3 38.fxg3 Rxd2+ 39.Rxd2 Rxd2+ 40.Nxd2 Qd1 41.Nf1 Nd3 42.Qe8+ Kh7 43.Qe4+ g6
44.Kg1 Qc2 45.Qd4 h5 46.Nc3 Nxb2 47.Ne4 Nd3 48.Qd5 Kg7 49.Qxa5 Qb2 50.Qa7 Ne1
51.Qf2 Qxf2+ 52.Kxf2 Nc2 53.Ne3 Nd4 54.Nd5 Nc6 55.Ke3 Ne5 56.Nef6 Nc4+ 57.Kf4
Nd6 58.Ne4 Nf5 59.Ke5 Nh6 60.Ndf6 Kf8 61.Kf4

[Event "Aut_chT0809"]
[Site "Graz"]
[Date "2008.11.08"]
[Round "2"]
[Board "4"]
[White "Lehner, Oliver"]
[Black "Bunzmann, Dimitrij"]
[Result "1/2-1/2"]
[WhiteElo "2413"]
[BlackElo "2488"]
[PlyCount "42"]
[EventDate "2008.11.07"]
[EventType "team"]
[EventRounds "11"]
[EventCountry "AUT"]
[WhiteTeam "Sparkasse Jenbach"]
[BlackTeam "SK Kl.Ztg.MPOE Maria Saal"]

1.e4 e6 2.d4 d5 3.e5 c5 4.c3 Qb6 5.Nf3 Nc6 6.a3 Nge7 7.b4 cxd4 8.cxd4 Nf5 9.Bb2
Bd7 10.g4 Nfe7 11.Nc3 h5 12.Na4 Qd8 13.Nc5 Rb8 14.g5 Ng6 15.Nxd7 Kxd7 16.Qd2 Be7
17.h4 b5 18.Bc3 Qc7 19.a4 a6 20.axb5 axb5 21.Qb2 f6

[Event "Aut_chT0809"]
[Site "Graz"]
[Date "2008.11.08"]
[Round "2"]
[Board "5"]
[White "Tratar, Marko"]
[Black "Reich, Thomas"]
[Result "1-0"]
[WhiteElo "2497"]
[BlackElo "2404"]
[PlyCount "137"]
[EventDate "2008.11.07"]
[EventType "team"]
[EventRounds "11"]
[EventCountry "AUT"]
[WhiteTeam "SK Kl.Ztg.MPOE Maria Saal"]
[BlackTeam "Sparkasse Jenbach"]

1.Nf3 c5 2.c4 g6 3.d4 cxd4 4.Nxd4 d6 5.e4 Nf6 6.Nc3 Nc6 7.Be2 Nxd4 8.Qxd4 Bg7
9.Bg5 O-O 10.Qd2 Be6 11.Rc1 Qa5 12.f3 Rfc8 13.b3 a6 14.Na4 Qxd2+ 15.Kxd2 Nd7
16.g4 f6 17.Be3 f5 18.exf5 gxf5 19.h3 Rf8 20.f4 Rad8 21.Nc3 d5 22.gxf5 Rxf5
23.cxd5 Nf6 24.Bg4 Nxd5 25.Nxd5 Rfxd5+ 26.Ke2 Kf7 27.Rc7 R8d7 28.Rhc1 Bxg4+
29.hxg4 e6 30.Kf3 Ke8 31.Rc8+ Kf7 32.R8c7 Ke8 33.Rxd7 Rxd7 34.Rh1 h6 35.Ke4 Kf7
36.Rc1 Kg6 37.a4 h5 38.f5+ exf5+ 39.gxf5+ Kf7 40.Rh1 Re7+ 41.Kd3 Rd7+ 42.Ke2 Rc7
43.Rxh5 Rc2+ 44.Bd2 Rb2 45.Rh7 Rxb3 46.Bh6 Rg3 47.a5 Kf6 48.Bxg7+ Kxf5 49.Bd4
Ke4 50.Bb6 Rg2+ 51.Kf1 Rg8 52.Rxb7 Ra8 53.Rd7 Ke5 54.Ke2 Ke6 55.Rc7 Kd6 56.Kd3
Kd5 57.Kc3 Rh8 58.Ra7 Rh3+ 59.Kd2 Rh2+ 60.Ke3 Rh3+ 61.Kf4 Kc6 62.Rxa6 Kb7
63.Ra7+ Kb8 64.Rg7 Ra3 65.Ke4 Ra2 66.Kd5 Rc2 67.Bc5 Ka8 68.Rg8+ Kb7 69.a6+

[Event "Aut_chT0809"]
[Site "Graz"]
[Date "2008.11.08"]
[Round "2"]
[Board "6"]
[White "Hoellrigl, Wilfried"]
[Black "Kreisl, Robert"]
[Result "1/2-1/2"]
[WhiteElo "2255"]
[BlackElo "2394"]
[PlyCount "89"]
[EventDate "2008.11.07"]
[EventType "team"]
[EventRounds "11"]
[EventCountry "AUT"]
[WhiteTeam "Sparkasse Jenbach"]
[BlackTeam "SK Kl.Ztg.MPOE Maria Saal"]

1.e4 c5 2.Nf3 Nc6 3.Bb5 g6 4.O-O Bg7 5.c3 Nf6 6.Qe2 O-O 7.d4 cxd4 8.cxd4 a6
9.Ba4 b5 10.Bb3 Na5 11.Bc2 Bb7 12.a3 Rc8 13.Nc3 d6 14.Bg5 Qd7 15.Rac1 Ne8
16.Rfd1 Nc7 17.h3 Nc4 18.Bb3 Ne6 19.Be3 Nxe3 20.Qxe3 Rc7 21.Ng5 Nxg5 22.Qxg5 e6
23.f4 Qe7 24.Qg3 Rfc8 25.Qe3 Qd7 26.Rf1 a5 27.Rcd1 b4 28.axb4 axb4 29.Ne2 d5
30.f5 exf5 31.exf5 Ba6 32.fxg6 hxg6 33.Rf2 Bc4 34.Nf4 Re8 35.Qf3 Re4 36.Bc2 Rxd4
37.Re1 b3 38.Bb1 Bb5 39.Nxg6 fxg6 40.Bxg6 Re4 41.Bxe4 dxe4 42.Qxb3+ Bc4 43.Qg3
Bd3 44.Ra1 Rc6 45.Ra5

[Event "Aut_chT0809"]
[Site "Graz"]
[Date "2008.11.08"]
[Round "2"]
[Board "1"]
[White "Miroshnichenko, Evgenij"]
[Black "Dizdar, Goran"]
[Result "1/2-1/2"]
[WhiteElo "2667"]
[BlackElo "2565"]
[PlyCount "93"]
[EventDate "2008.11.07"]
[EventType "team"]
[EventRounds "11"]
[EventCountry "AUT"]
[WhiteTeam "ASVOE Wulkaprodersdorf"]
[BlackTeam "SK Absam"]

1.d4 d5 2.c4 e6 3.g3 dxc4 4.Bg2 c5 5.Nf3 Nc6 6.Ne5 Nge7 7.Nxc6 Nxc6 8.Bxc6+ bxc6
9.Be3 cxd4 10.Qxd4 Qd5 11.f3 Bb4+ 12.Kf2 e5 13.Qd1 O-O 14.Nc3 Qa5 15.Qc2 Be6
16.Rhd1 Rfd8 17.Ne4 h6 18.a3 Be7 19.Nd2 Qb5 20.Rdc1 Bc5 21.Bxc5 Qxc5+ 22.Kg2 c3
23.Nf1 Rab8 24.b4 Qb5 25.Kf2 Bc4 26.Re1 a5 27.Qxc3 axb4 28.axb4 Qxb4 29.Qxe5 Re8
30.Qa5 Qb2 31.Nd2 Rb5 32.Nxc4 Qd4+ 33.e3 Qxc4 34.Qa2 Qc3 35.Re2 Rxe3 36.Rxe3
Rb2+ 37.Re2 Rxa2 38.Raxa2 c5 39.Rac2 Qd4+ 40.Kg2 h5 41.Re8+ Kh7 42.Re4 Qd3
43.Rec4 g5 44.Rxc5 g4 45.fxg4 Qe4+ 46.Kg1 Qe1+ 47.Kg2

[Event "Aut_chT0809"]
[Site "Graz"]
[Date "2008.11.08"]
[Round "2"]
[Board "2"]
[White "Levin, Felix"]
[Black "Polzin, Rainer"]
[Result "1/2-1/2"]
[WhiteElo "2536"]
[BlackElo "2500"]
[PlyCount "48"]
[EventDate "2008.11.07"]
[EventType "team"]
[EventRounds "11"]
[EventCountry "AUT"]
[WhiteTeam "SK Absam"]
[BlackTeam "ASVOE Wulkaprodersdorf"]

1.d4 Nf6 2.c4 g6 3.Nc3 Bg7 4.e4 d6 5.Nf3 O-O 6.Be2 e5 7.Be3 exd4 8.Nxd4 Re8 9.f3
c6 10.Bf2 d5 11.exd5 cxd5 12.O-O Nc6 13.c5 Nh5 14.Qd2 Be5 15.g3 Ng7 16.Rfd1 Be6
17.Nxe6 fxe6 18.f4 Bf6 19.Nb5 Qe7 20.Nd6 Red8 21.Rab1 Ne8 22.Nxe8 Rxe8 23.b4 a6
24.Bf3 Qg7

[Event "Aut_chT0809"]
[Site "Graz"]
[Date "2008.11.08"]
[Round "2"]
[Board "3"]
[White "Likavsky, Tomas"]
[Black "Rotstein, Arkadij"]
[Result "1/2-1/2"]
[WhiteElo "2498"]
[BlackElo "2505"]
[PlyCount "171"]
[EventDate "2008.11.07"]
[EventType "team"]
[EventRounds "11"]
[EventCountry "AUT"]
[WhiteTeam "ASVOE Wulkaprodersdorf"]
[BlackTeam "SK Absam"]

1.d4 Nf6 2.c4 e6 3.Nc3 Bb4 4.f3 c5 5.d5 Bxc3+ 6.bxc3 d6 7.e4 O-O 8.Ne2 Re8 9.Ng3
Qa5 10.Bd2 Nbd7 11.Be2 Nb6 12.Qc2 Nfd7 13.f4 Qa4 14.Qxa4 Nxa4 15.O-O-O Nf6
16.Bd3 Bd7 17.dxe6 Bxe6 18.f5 Bd7 19.h3 Bc6 20.Kc2 Nxe4 21.Nxe4 Bxe4 22.Bf4 Nb6
23.Bxd6 Bxd3+ 24.Kxd3 Rad8 25.Kc2 Nxc4 26.Bxc5 Rc8 27.Rhe1 b6 28.Bf2 h5 29.Kb3
Rxe1 30.Rxe1 f6 31.Re7 Na5+ 32.Kc2 Nc6 33.Rb7 Re8 34.Kd3 Rd8+ 35.Ke2 Rd5 36.Rc7
Re5+ 37.Kf1 Na5 38.Rxa7 Rxf5 39.Ke2 Nc4 40.Rc7 b5 41.Bd4 Rg5 42.Kf2 Nb2 43.Kf3
h4 44.Bf2 Rf5+ 45.Ke2 Re5+ 46.Kf1 Re4 47.Rd7 Ra4 48.Ra7 Rxa7 49.Bxa7 Na4 50.Bd4
Kf7 51.Ke2 Ke6 52.Kd3 Kd5 53.Bf2 g5 54.Bd4 f5 55.Bf6 Nc5+ 56.Kc2 Ne4 57.Bd8 Kc4
58.Be7 f4 59.Bd8 Kd5 60.Kd3 Nc5+ 61.Ke2 Ne6 62.Bf6 Ke4 63.Be7 Kf5 64.Kf3 Nc7
65.Bc5 Nd5 66.Bd4 Ne7 67.c4 Nc6 68.Bc3 bxc4 69.a4 Ne5+ 70.Ke2 Nd7 71.a5 Nc5
72.Kf3 Na6 73.Bd4 Nc7 74.Bb2 Na6 75.Ke2 g4 76.hxg4+ Kxg4 77.Kf2 Nb4 78.Bc3 Nd3+
79.Ke2 Nc5 80.Be1 Na6 81.Kd2 h3 82.gxh3+ Kxh3 83.Kc3 Kg2 84.Kxc4 f3 85.Kb5 Nb8
86.Kb6

[Event "Aut_chT0809"]
[Site "Graz"]
[Date "2008.11.08"]
[Round "2"]
[Board "4"]
[White "Wegerle, Joerg"]
[Black "Volkmann, Friedrich Karl"]
[Result "1/2-1/2"]
[WhiteElo "2431"]
[BlackElo "2444"]
[PlyCount "40"]
[EventDate "2008.11.07"]
[EventType "team"]
[EventRounds "11"]
[EventCountry "AUT"]
[WhiteTeam "SK Absam"]
[BlackTeam "ASVOE Wulkaprodersdorf"]

1.e4 e5 2.Nf3 Nf6 3.Nc3 Nc6 4.Bb5 Nd4 5.Be2 Nxf3+ 6.Bxf3 Bc5 7.d3 O-O 8.g4 d6
9.Qe2 c6 10.Bd2 Ne8 11.h4 Nc7 12.Na4 Ne6 13.c3 a5 14.Nxc5 dxc5 15.g5 f6 16.Bg4
fxg5 17.Bxe6+ Bxe6 18.hxg5 Qd7 19.Rg1 Rad8 20.Rg3 g6

[Event "Aut_chT0809"]
[Site "Graz"]
[Date "2008.11.08"]
[Round "2"]
[Board "5"]
[White "Schweda, Roland"]
[Black "Schmittdiel, Eckhard"]
[Result "1/2-1/2"]
[WhiteElo "2420"]
[BlackElo "2438"]
[PlyCount "65"]
[EventDate "2008.11.07"]
[EventType "team"]
[EventRounds "11"]
[EventCountry "AUT"]
[WhiteTeam "ASVOE Wulkaprodersdorf"]
[BlackTeam "SK Absam"]

1.d4 Nf6 2.Nf3 e6 3.e3 b6 4.Bd3 Bb7 5.O-O c5 6.b3 g6 7.Bb2 Bg7 8.Nbd2 O-O 9.dxc5
bxc5 10.e4 Nc6 11.Re1 d5 12.exd5 exd5 13.c4 d4 14.Ne4 Qb6 15.a3 Nxe4 16.Bxe4 a5
17.Rb1 Rfe8 18.Bc1 Ne5 19.Bxb7 Qxb7 20.Nxe5 Bxe5 21.Bd2 Qc7 22.g3 Qc6 23.Qc2 Qf3
24.Qe4 Qxe4 25.Rxe4 f5 26.Re2 Kf7 27.Rbe1 Bc7 28.Rxe8 Rxe8 29.Rxe8 Kxe8 30.Kf1
Kd7 31.Ke2 a4 32.b4 Bd6 33.b5

[Event "Aut_chT0809"]
[Site "Graz"]
[Date "2008.11.08"]
[Round "2"]
[Board "6"]
[White "Duer, Werner"]
[Black "Kopinits, Anna-Christina"]
[Result "1-0"]
[WhiteElo "2260"]
[BlackElo "2268"]
[PlyCount "69"]
[EventDate "2008.11.07"]
[EventType "team"]
[EventRounds "11"]
[EventCountry "AUT"]
[WhiteTeam "SK Absam"]
[BlackTeam "ASVOE Wulkaprodersdorf"]

1.d4 Nf6 2.Nf3 e6 3.e3 b6 4.Bd3 Bb7 5.O-O c5 6.Nbd2 cxd4 7.exd4 Be7 8.c4 O-O
9.b3 d5 10.Bb2 Nc6 11.Rc1 Rc8 12.Qe2 Rc7 13.Rfd1 Qa8 14.Qe3 Rd8 15.Bb1 dxc4
16.bxc4 Na5 17.Bd3 Ne8 18.Ng5 h6 19.Nge4 Nd6 20.Nxd6 Bxd6 21.Ne4 Bf8 22.d5 exd5
23.Nf6+ Kh8 24.Nxd5 Rc6 25.Qf4 Kg8 26.Qf5 Rg6 27.Be4 Qc8 28.Qxc8 Rxc8 29.Bxg6
fxg6 30.Ne3 Bc5 31.Rd7 Bxe3 32.Rxg7+ Kf8 33.fxe3 Be4 34.Rf1+ Bf5 35.Rxg6

[Event "Aut_chT0809"]
[Site "Graz"]
[Date "2008.11.08"]
[Round "2"]
[Board "1"]
[White "Gustafsson, Jan"]
[Black "Shengelia, Davit"]
[Result "1/2-1/2"]
[WhiteElo "2634"]
[BlackElo "2547"]
[PlyCount "83"]
[EventDate "2008.11.07"]
[EventType "team"]
[EventRounds "11"]
[EventCountry "AUT"]
[WhiteTeam "SK Hohenems"]
[BlackTeam "Styria Graz"]

1.d4 Nf6 2.c4 e6 3.Nc3 d5 4.Nf3 Bb4 5.cxd5 exd5 6.Bg5 O-O 7.e3 c5 8.dxc5 Bxc3+
9.bxc3 Be6 10.c4 dxc4 11.Qxd8 Rxd8 12.Nd4 Bd5 13.Rc1 Rc8 14.f3 Rxc5 15.e4 Nc6
16.Nxc6 Bxc6 17.Be3 Re5 18.Rxc4 Ra5 19.Rc2 Re8 20.Bd3 Ra3 21.Ke2 Nxe4 22.Bxe4 f5
23.Bxc6 bxc6 24.Kf2 Rexe3 25.Rxc6 Re5 26.Rc2 Rea5 27.Ra1 h6 28.Kg3 Kh7 29.h4
R3a4 30.Rd2 Ra6 31.Kh3 h5 32.Rd5 Kg6 33.Rd2 Kf6 34.Kg3 g5 35.hxg5+ Kxg5 36.Rc2
Ra3 37.Rd2 R6a4 38.Rc2 Rg4+ 39.Kf2 Rga4 40.Kg3 Ra6 41.Rd2 R3a4 42.Rc2

[Event "Aut_chT0809"]
[Site "Graz"]
[Date "2008.11.08"]
[Round "2"]
[Board "2"]
[White "Nanu, Ciprian-Costica"]
[Black "Rozentalis, Eduardas"]
[Result "1/2-1/2"]
[WhiteElo "2506"]
[BlackElo "2590"]
[PlyCount "46"]
[EventDate "2008.11.07"]
[EventType "team"]
[EventRounds "11"]
[EventCountry "AUT"]
[WhiteTeam "Styria Graz"]
[BlackTeam "SK Hohenems"]

1.d4 e6 2.c4 Nf6 3.Nf3 Nc6 4.e3 Bb4+ 5.Nbd2 O-O 6.Be2 d6 7.O-O Bxd2 8.Nxd2 e5
9.d5 Ne7 10.b3 Ng6 11.Bb2 Re8 12.Qc2 Bd7 13.Rad1 Qc8 14.Rfe1 b6 15.Bf1 a5 16.Nb1
Qd8 17.Nc3 Nh4 18.f3 Nh5 19.Qf2 f5 20.g3 Ng6 21.f4 Nf6 22.Bh3 Rf8 23.Qc2 Qe8

[Event "Aut_chT0809"]
[Site "Graz"]
[Date "2008.11.08"]
[Round "2"]
[Board "5"]
[White "Atlas, Valery"]
[Black "Ribli, Zoltan"]
[Result "1/2-1/2"]
[WhiteElo "2431"]
[BlackElo "2577"]
[PlyCount "28"]
[EventDate "2008.11.07"]
[EventType "team"]
[EventRounds "11"]
[EventCountry "AUT"]
[WhiteTeam "SK Hohenems"]
[BlackTeam "Styria Graz"]

1.e4 c5 2.Nf3 e6 3.d4 cxd4 4.Nxd4 Nc6 5.Nc3 Qc7 6.g3 a6 7.Bg2 Nf6 8.O-O Be7
9.Re1 O-O 10.Nxc6 dxc6 11.e5 Rd8 12.Qf3 Nd5 13.h4 Nxc3 14.Qxc3 Bd7

[Event "Aut_chT0809"]
[Site "Graz"]
[Date "2008.11.08"]
[Round "2"]
[Board "6"]
[White "Hatzl, Stefan"]
[Black "Froewis, Georg"]
[Result "1-0"]
[WhiteElo "2148"]
[BlackElo "2255"]
[PlyCount "72"]
[EventDate "2008.11.07"]
[EventType "team"]
[EventRounds "11"]
[EventCountry "AUT"]
[WhiteTeam "Styria Graz"]
[BlackTeam "SK Hohenems"]

1.e4 e6 2.d4 d5 3.Nc3 Bb4 4.Bd2 dxe4 5.Qg4 Nf6 6.Qxg7 Rg8 7.Qh6 Bf8 8.Qh4 Rg4
9.Qh3 Qxd4 10.O-O-O Qxf2 11.Be2 Rh4 12.Qxh4 Qxh4 13.g3 Qh6 14.Bxh6 Bxh6+ 15.Kb1
Be3 16.h4 e5 17.Nh3 h6 18.Rdf1 Bxh3 19.Rxh3 Nbd7 20.g4 Bd2 21.g5 hxg5 22.hxg5
Bxg5 23.Rf5 Bf4 24.Rh8+ Ke7 25.Rxa8 Ke6 26.Rxf6+ Nxf6 27.Rxa7 Bd2 28.Rxb7 Bxc3
29.bxc3 Kd6 30.a4 Nd5 31.Kb2 f5 32.a5 f4 33.a6 f3 34.Bc4 Ne3 35.Bb5 Nd1+ 36.Kb3
Kd5

[Event "Aut_chT0809"]
[Site "Graz"]
[Date "2008.11.08"]
[Round "2"]
[Board "1"]
[White "Ruck, Robert"]
[Black "Neubauer, Martin"]
[Result "1-0"]
[WhiteElo "2558"]
[BlackElo "2417"]
[PlyCount "105"]
[EventDate "2008.11.07"]
[EventType "team"]
[EventRounds "11"]
[EventCountry "AUT"]
[WhiteTeam "ASVOE Pamhagen"]
[BlackTeam "SK ASVOE Raika St.Veit/Gl."]

1.Nf3 d5 2.d4 Nf6 3.c4 e6 4.Nc3 Bb4 5.Bg5 h6 6.Bxf6 Qxf6 7.e3 O-O 8.Rc1 dxc4
9.Bxc4 c5 10.O-O cxd4 11.exd4 Rd8 12.Ne4 Qe7 13.Qe2 Nc6 14.Rfd1 Ba5 15.Bb5 Bd7
16.Nc5 Be8 17.d5 Rxd5 18.Rxd5 exd5 19.Qxe7 Nxe7 20.Nxb7 Bb6 21.Nd6 Bxb5 22.Nxb5
Rb8 23.Nc3 d4 24.Na4 Nd5 25.g3 Bd8 26.Rc4 Nb6 27.Nxb6 Bxb6 28.Ne1 Kf8 29.Kf1 Re8
30.Nd3 Re6 31.b4 Ke7 32.a4 a5 33.bxa5 Bxa5 34.Rxd4 Rb6 35.Re4+ Kd6 36.Rd4+ Ke7
37.Re4+ Kd6 38.Rf4 f6 39.Rd4+ Ke7 40.Re4+ Kd6 41.g4 Rb1+ 42.Kg2 Ra1 43.Nf4 Bc3
44.Re6+ Kd7 45.Ra6 Ra2 46.Ne6 f5 47.gxf5 Ke7 48.Nc5 Bd4 49.Ne4 Ra3 50.Re6+ Kf7
51.Nd6+ Kg8 52.Nb5 Rxa4 53.Re4

[Event "Aut_chT0809"]
[Site "Graz"]
[Date "2008.11.08"]
[Round "2"]
[Board "3"]
[White "Antoniewski, Rafal"]
[Black "Bosiocic, Marin"]
[Result "1/2-1/2"]
[WhiteElo "2513"]
[BlackElo "2578"]
[PlyCount "44"]
[EventDate "2008.11.07"]
[EventType "team"]
[EventRounds "11"]
[EventCountry "AUT"]
[WhiteTeam "ASVOE Pamhagen"]
[BlackTeam "SK ASVOE Raika St.Veit/Gl."]

1.e4 e6 2.d4 d5 3.Nd2 Be7 4.Ngf3 Nf6 5.e5 Nfd7 6.c4 dxc4 7.Nxc4 Nb6 8.a3 Nxc4
9.Bxc4 Nd7 10.O-O Nb6 11.Bd3 Bd7 12.Be4 Nd5 13.Bxd5 exd5 14.Qb3 Bc6 15.Bd2 a5
16.Rfc1 O-O 17.Rc3 Re8 18.Rac1 Ra6 19.Qc2 Bd7 20.Qb3 Bc6 21.Qc2 Bd7 22.Qb3 Bc6

[Event "Aut_chT0809"]
[Site "Graz"]
[Date "2008.11.08"]
[Round "2"]
[Board "4"]
[White "Rogic, Davor"]
[Black "Manik, Mikulas"]
[Result "1-0"]
[WhiteElo "2503"]
[BlackElo "2448"]
[PlyCount "127"]
[EventDate "2008.11.07"]
[EventType "team"]
[EventRounds "11"]
[EventCountry "AUT"]
[WhiteTeam "SK ASVOE Raika St.Veit/Gl."]
[BlackTeam "ASVOE Pamhagen"]

1.e4 c5 2.Nf3 Nc6 3.d4 cxd4 4.Nxd4 Nf6 5.Nc3 d6 6.Bc4 Qb6 7.Nb3 e6 8.Be3 Qc7
9.f4 a6 10.Qe2 b5 11.Bd3 Bb7 12.O-O-O Be7 13.Kb1 Nb4 14.Rhf1 Rb8 15.Rc1 Ba8
16.g4 Nd7 17.g5 Nb6 18.a3 Nc6 19.Na2 Na4 20.Bd2 Nc5 21.h4 Qd7 22.Bc3 e5 23.Rcd1
Qc7 24.Qf2 Na4 25.Bd2 exf4 26.Bxf4 O-O 27.h5 Ne5 28.Nd4 Nc4 29.Bc1 a5 30.Nf5 Ne5
31.Bd2 b4 32.axb4 axb4 33.Nxb4 Nxb2 34.Nxe7+ Qxe7 35.Kxb2 d5 36.Ka3 dxe4 37.Be2
e3 38.Qxe3 Rxb4 39.Bxb4 Nc4+ 40.Bxc4 Qxe3+ 41.c3 Bf3 42.g6 Bxd1 43.Rxd1 Ra8+
44.Kb3 Qf2 45.gxf7+ Kh8 46.Ra1 Rxa1 47.f8=Q+ Qxf8 48.Bxf8 Rh1 49.Be2 Kg8 50.Bd6
g6 51.hxg6 hxg6 52.c4 Kf7 53.c5 Re1 54.Bc4+ Ke8 55.c6 Rb1+ 56.Kc3 g5 57.Kd4 Rc1
58.Kd5 Rd1+ 59.Kc5 Rc1 60.Kd5 Rd1+ 61.Ke6 Rc1 62.Bd5 Re1+ 63.Be5 g4 64.Kd6

[Event "Aut_chT0809"]
[Site "Graz"]
[Date "2008.11.08"]
[Round "2"]
[Board "5"]
[White "Alvir, Aco"]
[Black "Hoelzl, Franz"]
[Result "1/2-1/2"]
[WhiteElo "2386"]
[BlackElo "2356"]
[PlyCount "58"]
[EventDate "2008.11.07"]
[EventType "team"]
[EventRounds "11"]
[EventCountry "AUT"]
[WhiteTeam "ASVOE Pamhagen"]
[BlackTeam "SK ASVOE Raika St.Veit/Gl."]

1.e4 c5 2.Nf3 Nc6 3.d4 cxd4 4.Nxd4 e5 5.Nb5 d6 6.N1c3 a6 7.Na3 b5 8.Nd5 Rb8
9.Bd3 Nce7 10.c4 Nxd5 11.cxd5 Be7 12.Nc2 a5 13.O-O Nf6 14.Qe2 O-O 15.b4 Bg4
16.f3 Bd7 17.Bd2 a4 18.Rac1 Ne8 19.Kh1 Qb6 20.Be3 Qb7 21.f4 exf4 22.Bxf4 Bf6
23.Qf2 Bb2 24.Rcd1 Be5 25.Nd4 Nf6 26.Bxe5 Ng4 27.Qg3 Nxe5 28.Nf3 f6 29.Nxe5 dxe5

[Event "Aut_chT0809"]
[Site "Graz"]
[Date "2008.11.08"]
[Round "2"]
[Board "6"]
[White "Hebesberger, Thomas"]
[Black "Lipka, Juraj"]
[Result "1/2-1/2"]
[WhiteElo "2354"]
[BlackElo "2426"]
[PlyCount "83"]
[EventDate "2008.11.07"]
[EventType "team"]
[EventRounds "11"]
[EventCountry "AUT"]
[WhiteTeam "SK ASVOE Raika St.Veit/Gl."]
[BlackTeam "ASVOE Pamhagen"]

1.c4 e6 2.Nf3 d5 3.b3 c5 4.e3 Nc6 5.Bb2 d4 6.exd4 cxd4 7.g3 e5 8.Bg2 Bd6 9.O-O
Nge7 10.Re1 O-O 11.Ba3 a5 12.c5 Bc7 13.d3 Nd5 14.Nbd2 Nc3 15.Qc2 f6 16.Nc4 Nb4
17.Bxb4 axb4 18.a3 bxa3 19.Nfd2 a2 20.b4 Rb8 21.Ne4 b5 22.Ncd2 Nd5 23.Nd6 Be6
24.Qxa2 Nf4 25.Qa6 Nxg2 26.Kxg2 Bxd6 27.Qxd6 Qxd6 28.cxd6 Rfd8 29.f4 Bd5+ 30.Kf2
exf4 31.gxf4 Rxd6 32.Re7 f5 33.Raa7 Rg6 34.Nf3 Bxf3 35.Kxf3 h6 36.Re5 Rf6 37.Rd7
Rc8 38.Rxb5 Rc2 39.Rxd4 Rxh2 40.Rdd5 Rh3+ 41.Kg2 Re3 42.Kf2